[Event "x"]
[Site "?"]
[Date "2018.01.07"]
[Round "5.1"]
[White "Moe, Mogens"]
[Black "Hector, Jonny"]
[Result "0-1"]
[BlackElo "2496"]
[WhiteElo "2212"]
[LiveChessVersion "1.4.6"]

1. e4 {[%clk 1:30:56]} e5 {[%clk 1:30:41]} 2. Nf3 {[%clk 1:31:20]} Nc6
{[%clk 1:31:04]} 3. d4 {[%clk 1:31:45]} exd4 {[%clk 1:31:19]} 4. Nxd4
{[%clk 1:32:10]} Qf6 {[%clk 1:31:16]} 5. Nb5 {[%clk 1:27:36]} Bc5
{[%clk 1:30:38]} 6. Qe2 {[%clk 1:27:19]} Qd8 {[%clk 1:30:04]} 7. Be3
{[%clk 1:18:48]} d6 {[%clk 1:30:10]} 8. Bxc5 dxc5 {[%clk 1:30:23]} 9. c3
{[%clk 1:11:01]} Nf6 {[%clk 1:26:28]} 10. Nd2 {[%clk 1:10:53]} O-O
{[%clk 1:26:29]} 11. Qe3 {[%clk 1:08:29]} Re8 {[%clk 1:13:55]} 12. O-O-O
{[%clk 1:03:12]} a6 {[%clk 1:08:40]} 13. Na3 {[%clk 1:03:35]} Qe7
{[%clk 1:06:24]} 14. f3 {[%clk 1:02:04]} b5 {[%clk 1:06:05]} 15. Nb3
{[%clk 0:59:11]} c4 {[%clk 1:01:14]} 16. Nd4 {[%clk 0:58:55]} Na5
{[%clk 0:58:09]} 17. Qg5 {[%clk 0:46:35]} h6 {[%clk 0:56:47]} 18. Qh4
{[%clk 0:45:13]} c5 {[%clk 0:56:34]} 19. Ndc2 {[%clk 0:45:08]} Nc6
{[%clk 0:51:37]} 20. Ne3 {[%clk 0:42:25]} Ne5 {[%clk 0:51:15]} 21. Be2
{[%clk 0:42:26]} Be6 {[%clk 0:45:44]} 22. g4 {[%clk 0:41:25]} Rad8
{[%clk 0:41:56]} 23. Nf5 {[%clk 0:38:35]} Bxf5 {[%clk 0:41:58]} 24. gxf5
{[%clk 0:38:57]} Nd3+ {[%clk 0:40:29]} 25. Bxd3 {[%clk 0:32:54]} Rxd3
{[%clk 0:40:18]} 26. Rhg1 {[%clk 0:30:15]} Kh7 {[%clk 0:38:52]} 27. Qg3
{[%clk 0:29:51]} Rg8 {[%clk 0:38:41]} 28. Nc2 {[%clk 0:26:27]} Nxe4
{[%clk 0:37:34]} 29. Qe1 {[%clk 0:21:17]} Rxd1+ {[%clk 0:37:25]} 30. Qxd1
{[%clk 0:21:40]} Nf2 {[%clk 0:37:13]} 31. Qd2 {[%clk 0:20:59]} Nd3+
{[%clk 0:37:33]} 32. Kb1 {[%clk 0:21:23]} Re8 {[%clk 0:36:25]} 33. Qg2
{[%clk 0:19:12]} Qf6 {[%clk 0:36:27]} 34. h4 {[%clk 0:15:30]} Re5
{[%clk 0:34:17]} 35. a3 {[%clk 0:14:40]} Rxf5 {[%clk 0:31:48]} 36. Ne3
{[%clk 0:14:52]} Re5 {[%clk 0:26:17]} 37. Ng4 {[%clk 0:14:20]} Qf5
{[%clk 0:26:22]} 38. Ka2 {[%clk 0:14:22]} Re1 {[%clk 0:25:38]} 39. Nh2 Nc1+
{[%clk 0:24:22]} 40. Ka1 {[%clk 0:13:51]} Nb3+ {[%clk 0:24:45]} 0-1

[Event "x"]
[Site "?"]
[Date "2018.01.07"]
[Round "5.2"]
[White "Hoi, Carsten"]
[Black "Rostgaard, Tobias"]
[Result "1-0"]
[BlackElo "2317"]
[WhiteElo "2355"]
[LiveChessVersion "1.4.6"]

1. d4 {[%clk 1:30:49]} Nf6 {[%clk 1:30:58]} 2. Nf3 {[%clk 1:31:00]} e6
{[%clk 1:31:18]} 3. e3 d5 4. Bd3 {[%clk 1:31:05]} c5 {[%clk 1:30:30]} 5. c3
{[%clk 1:28:19]} Nc6 {[%clk 1:30:49]} 6. O-O {[%clk 1:28:29]} Be7
{[%clk 1:30:09]} 7. Nbd2 {[%clk 1:28:37]} O-O {[%clk 1:27:55]} 8. Qe2
{[%clk 1:26:37]} b6 {[%clk 1:27:55]} 9. Ne5 {[%clk 1:26:37]} Bb7 {[%clk 1:27:55]}
10. f4 {[%clk 1:26:37]} Bd6 {[%clk 1:27:55]} 11. Qf3 {[%clk 1:26:37]} Ne7
{[%clk 1:27:55]} 12. g4 {[%clk 1:26:37]} Nd7 {[%clk 1:03:12]} 13. Qh3
{[%clk 0:52:51]} f5 {[%clk 1:02:12]} 14. Ndf3 {[%clk 0:52:51]} Qc8
{[%clk 1:02:12]} 15. gxf5 {[%clk 0:45:30]} exf5 {[%clk 0:59:06]} 16. Rf2
{[%clk 0:45:36]} Nf6 {[%clk 0:44:38]} 17. Rg2 {[%clk 0:43:21]} Bxe5
{[%clk 0:44:38]} 18. Nxe5 {[%clk 0:43:21]} Ne4 {[%clk 0:35:33]} 19. Bd2
{[%clk 0:35:24]} Rf6 {[%clk 0:26:22]} 20. Kh1 {[%clk 0:33:50]} Qe6
{[%clk 0:26:22]} 21. Rag1 {[%clk 0:33:50]} Rg6 {[%clk 0:26:22]} 22. Nxg6
{[%clk 0:33:50]} hxg6 {[%clk 0:26:22]} 23. Bxe4 {[%clk 0:33:50]} Qxe4
{[%clk 0:26:22]} 24. Qh7+ {[%clk 0:33:50]} Kf7 {[%clk 0:12:10]} 25. Be1
{[%clk 0:14:17]} g5 {[%clk 0:05:13]} 26. Qh5+ {[%clk 0:13:57]} Ke6
{[%clk 0:02:33]} 27. Qxg5 {[%clk 0:12:20]} Ba6 {[%clk 0:02:35]} 28. Bh4
{[%clk 0:09:18]} Re8 {[%clk 0:02:56]} 29. Qxg7 {[%clk 0:09:18]} Be2
{[%clk 0:03:00]} 30. Bxe7 {[%clk 0:06:29]} Rxe7 {[%clk 0:03:00]} 31. Qe5+
{[%clk 0:06:29]} Qxe5 {[%clk 0:03:00]} 32. fxe5 {[%clk 0:06:29]} Bf3
{[%clk 0:03:00]} 33. h3 {[%clk 0:06:29]} cxd4 {[%clk 0:03:37]} 34. cxd4
{[%clk 0:07:08]} f4 {[%clk 0:03:05]} 35. exf4 {[%clk 0:07:14]} Kf5 36. Rf1
{[%clk 0:07:42]} Bxg2+ {[%clk 0:02:28]} 37. Kxg2 {[%clk 0:07:42]} Rg7+
{[%clk 0:02:35]} 38. Kf3 {[%clk 0:06:37]} Rh7 {[%clk 0:03:01]} 39. Re1 Rxh3+
{[%clk 0:02:43]} 40. Kg2 {[%clk 0:05:22]} Rh8 {[%clk 0:02:56]} 41. e6 Kxf4
{[%clk 0:03:15]} 42. e7 {[%clk 0:05:39]} Re8 {[%clk 0:03:42]} 43. Re5 b5
{[%clk 0:03:28]} 44. Kf2 {[%clk 0:05:34]} b4 {[%clk 0:03:53]} 45. a3
{[%clk 0:05:18]} 1-0

[Event "x"]
[Site "?"]
[Date "2018.01.07"]
[Round "5.3"]
[White "Rydstrom, Tom"]
[Black "Stojanovski, Sandi"]
[Result "1-0"]
[BlackElo "2248"]
[WhiteElo "2365"]
[LiveChessVersion "1.4.6"]

1. e4 {[%clk 1:28:20]} c5 {[%clk 1:26:33]} 2. Nf3 {[%clk 1:28:45]} Nc6
{[%clk 1:26:47]} 3. d4 {[%clk 1:28:34]} cxd4 {[%clk 1:27:06]} 4. Nxd4
{[%clk 1:29:01]} Nf6 {[%clk 1:27:12]} 5. Nc3 {[%clk 1:29:26]} e5 {[%clk 1:26:50]}
6. Ndb5 {[%clk 1:28:56]} d6 {[%clk 1:26:57]} 7. Bg5 {[%clk 1:29:07]} a6
{[%clk 1:27:15]} 8. Na3 {[%clk 1:29:32]} b5 {[%clk 1:27:28]} 9. Bxf6
{[%clk 1:27:48]} gxf6 {[%clk 1:27:22]} 10. Nd5 {[%clk 1:28:12]} Bg7
{[%clk 1:26:27]} 11. Bd3 {[%clk 1:28:21]} Ne7 {[%clk 1:24:25]} 12. Nxe7
{[%clk 1:28:01]} Qxe7 13. c4 {[%clk 1:28:22]} f5 {[%clk 1:17:25]} 14. O-O
{[%clk 1:19:48]} O-O {[%clk 1:15:23]} 15. Qe2 {[%clk 1:04:32]} Rb8
{[%clk 1:07:26]} 16. Rad1 {[%clk 1:01:22]} fxe4 {[%clk 0:56:16]} 17. Bxe4
{[%clk 1:01:46]} b4 {[%clk 0:56:15]} 18. Nc2 {[%clk 1:02:14]} f5 {[%clk 0:55:39]}
19. Bd5+ {[%clk 1:02:41]} Kh8 {[%clk 0:55:47]} 20. b3 {[%clk 1:03:08]} Rf6
{[%clk 0:51:15]} 21. Rfe1 {[%clk 0:55:01]} Rh6 {[%clk 0:46:31]} 22. f4
{[%clk 0:55:00]} Bd7 {[%clk 0:36:10]} 23. Qf2 {[%clk 0:53:34]} Qd8
{[%clk 0:33:48]} 24. g3 {[%clk 0:49:14]} Qa5 {[%clk 0:24:01]} 25. Re2
{[%clk 0:35:12]} Be8 {[%clk 0:22:30]} 26. Rdd2 {[%clk 0:33:09]} Bh5
{[%clk 0:19:23]} 27. Re1 {[%clk 0:31:53]} Bg4 {[%clk 0:13:05]} 28. Ne3
{[%clk 0:23:56]} Rg6 {[%clk 0:11:58]} 29. Nxg4 {[%clk 0:20:18]} exf4
{[%clk 0:11:24]} 30. Rde2 {[%clk 0:17:38]} Qd8 {[%clk 0:07:34]} 31. Qa7
{[%clk 0:14:42]} fxg3 {[%clk 0:02:29]} 32. Qxb8 {[%clk 0:13:36]} Bd4+
{[%clk 0:02:36]} 33. Kg2 {[%clk 0:13:56]} Qxb8 {[%clk 0:02:26]} 34. Re8+
{[%clk 0:14:21]} Qxe8 {[%clk 0:02:44]} 35. Rxe8+ {[%clk 0:14:49]} 1-0

[Event "x"]
[Site "?"]
[Date "2018.01.07"]
[Round "5.4"]
[White "Rendboe, John Philip"]
[Black "Kristensen, Kåre Hove"]
[Result "0-1"]
[BlackElo "2284"]
[WhiteElo "2140"]
[LiveChessVersion "1.4.6"]

1. d4 {[%clk 1:30:55]} d5 {[%clk 1:30:34]} 2. c4 {[%clk 1:31:06]} e6
{[%clk 1:30:26]} 3. Nc3 {[%clk 1:31:23]} c6 {[%clk 1:30:08]} 4. Nf3
{[%clk 1:29:46]} Nf6 {[%clk 1:29:13]} 5. cxd5 {[%clk 1:29:26]} exd5
{[%clk 1:29:32]} 6. Qc2 {[%clk 1:27:34]} g6 {[%clk 1:28:53]} 7. Bg5
{[%clk 1:26:06]} Be7 {[%clk 1:28:54]} 8. e3 {[%clk 1:26:26]} Bf5 {[%clk 1:29:11]}
9. Bd3 {[%clk 1:26:44]} Bxd3 {[%clk 1:29:32]} 10. Qxd3 {[%clk 1:27:10]} Nbd7
{[%clk 1:29:45]} 11. O-O {[%clk 1:27:20]} O-O {[%clk 1:30:00]} 12. Rad1
{[%clk 1:21:46]} Re8 {[%clk 1:27:46]} 13. a3 {[%clk 1:14:18]} a5 {[%clk 1:27:10]}
14. Bxf6 {[%clk 1:11:49]} Nxf6 {[%clk 1:27:02]} 15. Ne5 {[%clk 1:11:14]} Bf8
{[%clk 1:15:29]} 16. f4 {[%clk 1:09:11]} Bg7 {[%clk 0:52:06]} 17. f5
{[%clk 1:01:06]} Rxe5 {[%clk 0:45:53]} 18. dxe5 {[%clk 1:01:03]} Ng4
{[%clk 0:45:55]} 19. Qe2 {[%clk 0:48:47]} Nxe5 {[%clk 0:44:26]} 20. Kh1
{[%clk 0:44:27]} Qb6 {[%clk 0:39:45]} 21. e4 {[%clk 0:29:08]} d4 {[%clk 0:38:26]}
22. Na4 {[%clk 0:28:53]} Qa7 {[%clk 0:38:13]} 23. b3 {[%clk 0:27:04]} d3
{[%clk 0:30:13]} 24. Qf2 {[%clk 0:23:56]} Qxf2 {[%clk 0:29:38]} 25. Rxf2
{[%clk 0:24:24]} Rd8 {[%clk 0:28:40]} 26. h3 {[%clk 0:22:09]} Bf8 27. Ra2 b5
{[%clk 0:23:53]} 28. Nc3 {[%clk 0:17:42]} Kg7 {[%clk 0:22:48]} 29. fxg6
{[%clk 0:15:42]} hxg6 {[%clk 0:22:51]} 30. Kg1 {[%clk 0:15:47]} Bxa3
{[%clk 0:21:16]} 31. Rxa3 {[%clk 0:08:26]} b4 {[%clk 0:21:31]} 32. Rxa5
{[%clk 0:08:51]} bxc3 {[%clk 0:21:40]} 33. Rc5 {[%clk 0:09:10]} c2
{[%clk 0:20:57]} 34. Rd2 {[%clk 0:08:55]} Ra8 {[%clk 0:20:17]} 35. Kf2
{[%clk 0:09:01]} Ra1 {[%clk 0:20:11]} 0-1

[Event "x"]
[Site "?"]
[Date "2018.01.07"]
[Round "5.5"]
[White "Teplyi, Igor"]
[Black "Kyrkjebo, Erland"]
[Result "1-0"]
[BlackElo "2145"]
[WhiteElo "2420"]
[LiveChessVersion "1.4.6"]

1. d4 {[%clk 1:30:57]} Nf6 {[%clk 1:30:54]} 2. c4 {[%clk 1:31:22]} e6
{[%clk 1:30:49]} 3. Nf3 {[%clk 1:31:46]} b6 {[%clk 1:31:37]} 4. g3
{[%clk 1:32:07]} Ba6 {[%clk 1:31:32]} 5. b3 {[%clk 1:32:19]} Bb4+
{[%clk 1:31:11]} 6. Bd2 {[%clk 1:32:41]} Be7 {[%clk 1:31:00]} 7. Nc3
{[%clk 1:32:59]} d5 {[%clk 1:24:31]} 8. cxd5 {[%clk 1:33:07]} exd5
{[%clk 1:22:48]} 9. Bg2 {[%clk 1:33:24]} O-O {[%clk 1:21:00]} 10. O-O
{[%clk 1:33:44]} Re8 {[%clk 1:12:59]} 11. Re1 {[%clk 1:32:54]} c5
{[%clk 1:07:57]} 12. dxc5 {[%clk 1:25:52]} bxc5 {[%clk 1:07:13]} 13. Bf4
{[%clk 1:25:03]} Bb7 {[%clk 0:56:47]} 14. Ne5 {[%clk 1:18:30]} Na6
{[%clk 0:52:32]} 15. Rc1 {[%clk 1:17:01]} Nc7 {[%clk 0:48:17]} 16. Nc4
{[%clk 1:01:18]} Rc8 {[%clk 0:41:06]} 17. Ne3 {[%clk 0:58:16]} Ba8
{[%clk 0:27:21]} 18. Bxc7 {[%clk 0:55:03]} Rxc7 {[%clk 0:27:41]} 19. Ncxd5
{[%clk 0:54:55]} Nxd5 {[%clk 0:27:11]} 20. Nxd5 {[%clk 0:55:15]} Rd7
{[%clk 0:26:26]} 21. Nxe7+ {[%clk 0:42:44]} Rexe7 {[%clk 0:26:47]} 22. Qc2
{[%clk 0:42:48]} Bxg2 {[%clk 0:25:02]} 23. Kxg2 {[%clk 0:43:11]} Rd2
{[%clk 0:24:56]} 24. Qc4 {[%clk 0:32:17]} Re5 {[%clk 0:21:28]} 25. Rc2
{[%clk 0:28:07]} Rd4 {[%clk 0:19:18]} 26. Qc3 {[%clk 0:27:16]} g6
{[%clk 0:14:18]} 27. Rec1 {[%clk 0:25:49]} Qd7 {[%clk 0:10:45]} 28. Qf3
{[%clk 0:21:54]} Rh5 {[%clk 0:09:20]} 29. h4 {[%clk 0:22:10]} Qd6
{[%clk 0:07:08]} 30. e3 {[%clk 0:17:46]} Rdd5 {[%clk 0:06:05]} 31. Rc4
{[%clk 0:15:33]} Rhf5 {[%clk 0:05:37]} 32. Rf4 {[%clk 0:14:18]} Rxf4
{[%clk 0:05:30]} 33. Qxf4 {[%clk 0:14:13]} Qc6 {[%clk 0:05:11]} 34. Qe4
{[%clk 0:08:19]} Qd7 {[%clk 0:04:37]} 35. Rc2 {[%clk 0:08:04]} h5
{[%clk 0:04:14]} 36. Rc4 {[%clk 0:07:27]} Kh7 {[%clk 0:03:02]} 37. Ra4
{[%clk 0:07:10]} Rf5 {[%clk 0:02:17]} 38. Qc2 {[%clk 0:06:46]} Qb7+
{[%clk 0:00:59]} 39. e4 {[%clk 0:06:22]} Re5 {[%clk 0:01:26]} 40. Rc4
{[%clk 0:05:40]} Re7 {[%clk 0:01:22]} 41. f3 {[%clk 0:05:17]} Re5
{[%clk 0:01:24]} 42. Rxc5 {[%clk 0:04:58]} Re7 {[%clk 0:01:21]} 43. Qc4
{[%clk 0:04:11]} Rd7 {[%clk 0:01:26]} 44. Kh3 {[%clk 0:03:44]} Qb6
{[%clk 0:01:29]} 45. Qc3 {[%clk 0:03:09]} Rd1 {[%clk 0:01:27]} 46. Qc2
{[%clk 0:02:48]} Ra1 {[%clk 0:01:15]} 47. a4 {[%clk 0:02:30]} Qb4
{[%clk 0:00:41]} 48. Qc3 {[%clk 0:02:33]} Qb6 {[%clk 0:00:33]} 49. Rxh5+
{[%clk 0:01:56]} gxh5 {[%clk 0:00:54]} 50. Qxa1 {[%clk 0:02:24]} Qf2
{[%clk 0:00:54]} 51. Qd1 {[%clk 0:02:34]} Qb6 {[%clk 0:00:37]} 52. Qd5
{[%clk 0:02:18]} Qg6 {[%clk 0:00:35]} 53. Qf5 {[%clk 0:02:33]} 1-0

[Event "x"]
[Site "?"]
[Date "2018.01.07"]
[Round "5.6"]
[White "Jakobsen, Peter"]
[Black "Andersen, Rune"]
[Result "1/2-1/2"]
[BlackElo "2143"]
[WhiteElo "2177"]
[LiveChessVersion "1.4.6"]

1. d4 {[%clk 1:30:57]} d5 {[%clk 1:30:55]} 2. c4 {[%clk 1:31:22]} c6
{[%clk 1:31:21]} 3. Nf3 {[%clk 1:31:48]} Nf6 {[%clk 1:31:45]} 4. Nc3
{[%clk 1:32:12]} e6 {[%clk 1:32:08]} 5. e3 {[%clk 1:32:39]} Nbd7 {[%clk 1:32:14]}
6. Bd3 {[%clk 1:33:03]} dxc4 {[%clk 1:32:38]} 7. Bxc4 {[%clk 1:33:32]} b5
{[%clk 1:32:59]} 8. Bd3 {[%clk 1:33:57]} a6 {[%clk 1:33:23]} 9. e4
{[%clk 1:34:15]} c5 {[%clk 1:33:39]} 10. e5 {[%clk 1:34:41]} cxd4
{[%clk 1:33:54]} 11. Nxb5 {[%clk 1:35:06]} axb5 {[%clk 1:34:09]} 12. exf6
{[%clk 1:35:29]} gxf6 {[%clk 1:34:12]} 13. O-O {[%clk 1:35:32]} Qb6
{[%clk 1:34:20]} 14. Be4 {[%clk 1:33:04]} Bb7 {[%clk 1:33:23]} 15. Bxb7
{[%clk 1:27:14]} Qxb7 {[%clk 1:33:48]} 16. Nxd4 {[%clk 1:25:13]} Rg8
{[%clk 1:33:14]} 17. Qf3 {[%clk 1:23:48]} Qxf3 {[%clk 1:28:15]} 18. Nxf3
{[%clk 1:24:17]} Bc5 {[%clk 1:28:21]} 19. Be3 {[%clk 1:18:15]} Bxe3
{[%clk 1:28:13]} 20. fxe3 {[%clk 1:18:43]} Ke7 {[%clk 1:28:10]} 21. Nd4
{[%clk 1:15:20]} Rg5 {[%clk 1:27:05]} 22. Rfc1 {[%clk 1:12:10]} Ra6
{[%clk 1:20:13]} 23. Rc7 {[%clk 1:09:20]} Rd5 {[%clk 1:17:04]} 24. Nc6+
{[%clk 1:05:00]} Kd6 {[%clk 1:17:01]} 25. Rxd7+ {[%clk 1:05:24]} Kxc6
{[%clk 1:15:36]} 26. Rxf7 {[%clk 1:05:46]} f5 {[%clk 1:14:26]} 27. Rxh7
{[%clk 0:45:19]} Rd2 {[%clk 1:14:46]} 28. h4 {[%clk 0:33:48]} Rxb2
{[%clk 1:13:04]} 29. h5 {[%clk 0:29:47]} Ra4 {[%clk 1:10:39]} 30. Rg7
{[%clk 0:19:28]} Rh4 {[%clk 0:57:46]} 31. Rg6 {[%clk 0:19:21]} Kd5
{[%clk 0:57:51]} 32. h6 {[%clk 0:19:24]} e5 {[%clk 0:57:33]} 33. Rf1
{[%clk 0:06:29]} Rxa2 {[%clk 0:50:55]} 34. Rxf5 {[%clk 0:06:29]} Ke4
{[%clk 0:43:10]} 35. Rgg5 {[%clk 0:04:18]} Rxh6 {[%clk 0:43:03]} 36. Rxe5+
{[%clk 0:04:42]} Kd3 {[%clk 0:43:03]} 37. Rxb5 {[%clk 0:04:32]} Kxe3
{[%clk 0:42:30]} 38. Rbe5+ {[%clk 0:02:47]} Kd4 {[%clk 0:41:24]} 39. Rd5+ 1/2-1/2

[Event "x"]
[Site "?"]
[Date "2018.01.07"]
[Round "5.7"]
[White "Thuesen, Mogens"]
[Black "Thorsbro, Peter"]
[Result "1/2-1/2"]
[BlackElo "2169"]
[WhiteElo "2180"]
[LiveChessVersion "1.4.6"]

1. d4 {[%clk 1:30:27]} f5 {[%clk 1:30:51]} 2. e4 {[%clk 1:30:29]} fxe4
{[%clk 1:31:12]} 3. Nc3 {[%clk 1:30:55]} Nf6 {[%clk 1:30:38]} 4. Bg5
{[%clk 1:31:16]} Nc6 {[%clk 1:29:53]} 5. d5 {[%clk 1:31:40]} Ne5 {[%clk 1:30:11]}
6. Qd4 {[%clk 1:32:03]} Nf7 {[%clk 1:30:18]} 7. f4 {[%clk 1:32:28]} e5
{[%clk 1:27:22]} 8. dxe6 {[%clk 1:25:19]} dxe6 {[%clk 1:27:44]} 9. Qxd8+
{[%clk 1:25:09]} Kxd8 {[%clk 1:18:10]} 10. Nxe4 {[%clk 1:13:25]} Be7
{[%clk 1:12:28]} 11. O-O-O+ {[%clk 1:07:00]} Ke8 {[%clk 1:12:17]} 12. Nxf6+
{[%clk 1:06:44]} Bxf6 {[%clk 1:10:32]} 13. Nf3 {[%clk 1:06:24]} Bd7
{[%clk 1:02:38]} 14. Bc4 {[%clk 1:04:12]} Rd8 {[%clk 0:43:17]} 15. Bxf6
{[%clk 0:52:34]} gxf6 {[%clk 0:43:38]} 16. Rhe1 {[%clk 0:52:59]} Ke7
{[%clk 0:39:07]} 17. Nd4 {[%clk 0:49:57]} e5 {[%clk 0:38:01]} 18. Bxf7
{[%clk 0:50:12]} Kxf7 {[%clk 0:38:26]} 19. fxe5 {[%clk 0:50:35]} Bg4
{[%clk 0:37:49]} 20. Rd2 {[%clk 0:36:11]} Rhe8 {[%clk 0:30:55]} 21. e6+
{[%clk 0:22:46]} Bxe6 {[%clk 0:28:29]} 22. Nxe6 {[%clk 0:23:03]} Rxd2
{[%clk 0:28:53]} 23. Kxd2 {[%clk 0:23:28]} Rxe6 {[%clk 0:29:12]} 24. Rxe6
{[%clk 0:23:51]} Kxe6 {[%clk 0:29:37]} 25. Ke3 {[%clk 0:24:14]} Ke5
{[%clk 0:30:02]} 26. Kf3 {[%clk 0:16:16]} Kf5 {[%clk 0:27:55]} 27. g4+
{[%clk 0:16:06]} Ke5 {[%clk 0:24:52]} 28. h4 {[%clk 0:13:04]} f5 {[%clk 0:14:18]}
29. g5 {[%clk 0:12:30]} f4 {[%clk 0:14:43]} 30. b4 {[%clk 0:10:19]} Kf5
{[%clk 0:07:57]} 31. b5 {[%clk 0:08:23]} c6 {[%clk 0:07:53]} 32. bxc6
{[%clk 0:07:18]} bxc6 {[%clk 0:08:19]} 33. c3 {[%clk 0:07:44]} Ke5
{[%clk 0:07:08]} 34. h5 {[%clk 0:05:19]} Kf5 {[%clk 0:07:31]} 35. g6
{[%clk 0:05:41]} hxg6 {[%clk 0:07:55]} 36. hxg6 {[%clk 0:05:04]} Kxg6
{[%clk 0:08:19]} 37. Kxf4 {[%clk 0:05:29]} Kf6 {[%clk 0:08:43]} 38. Ke4
{[%clk 0:05:51]} Ke6 {[%clk 0:09:01]} 39. Kd4 {[%clk 0:06:07]} Kd6
{[%clk 0:09:22]} 40. Kc4 {[%clk 0:06:14]} a6 {[%clk 0:03:14]} 41. Kb4
{[%clk 0:05:18]} Kd5 {[%clk 0:03:36]} 42. a4 {[%clk 0:03:49]} c5+
{[%clk 0:03:40]} 43. Ka5 {[%clk 0:04:12]} Kc4 {[%clk 0:03:57]} 44. Kb6
{[%clk 0:03:53]} a5 {[%clk 0:01:48]} 45. Kc6 {[%clk 0:04:12]} Kb3
{[%clk 0:01:25]} 46. Kxc5 {[%clk 0:01:27]} Kxa4 {[%clk 0:01:49]} 47. Kb6
{[%clk 0:00:46]} Kb3 {[%clk 0:00:47]} 48. Kxa5 {[%clk 0:01:09]} Kc4
{[%clk 0:01:12]} 1/2-1/2

[Event "x"]
[Site "?"]
[Date "2018.01.07"]
[Round "5.8"]
[White "Mølgaard, Steen"]
[Black "Brønnum, Jan"]
[Result "0-1"]
[BlackElo "2056"]
[WhiteElo "2054"]
[LiveChessVersion "1.4.6"]

1. c4 {[%clk 1:30:38]} c5 {[%clk 1:30:38]} 2. g3 {[%clk 1:30:57]} Nf6
{[%clk 1:30:23]} 3. Bg2 {[%clk 1:31:17]} d5 {[%clk 1:30:24]} 4. cxd5
{[%clk 1:29:44]} Nxd5 {[%clk 1:30:09]} 5. Nc3 {[%clk 1:29:32]} Nc7
{[%clk 1:30:15]} 6. d3 {[%clk 1:28:01]} e5 {[%clk 1:30:20]} 7. Nf3
{[%clk 1:28:04]} Nc6 {[%clk 1:30:46]} 8. O-O {[%clk 1:28:10]} Be7
{[%clk 1:30:59]} 9. Be3 {[%clk 1:26:30]} O-O {[%clk 1:29:38]} 10. Rc1
{[%clk 1:22:37]} Be6 {[%clk 1:27:16]} 11. Qa4 {[%clk 1:12:10]} Qd7
{[%clk 1:14:37]} 12. Ng5 {[%clk 1:07:58]} Nd4 {[%clk 0:54:29]} 13. Qxd7
{[%clk 1:05:05]} Bxd7 {[%clk 0:54:54]} 14. Nf3 {[%clk 1:04:29]} f6
{[%clk 0:54:21]} 15. Rfe1 {[%clk 0:56:42]} Rab8 {[%clk 0:52:41]} 16. Ne4
{[%clk 0:50:06]} Nce6 {[%clk 0:49:29]} 17. Bd2 {[%clk 0:42:48]} b6
{[%clk 0:49:20]} 18. Kf1 {[%clk 0:36:23]} Rfd8 {[%clk 0:49:05]} 19. Bc3
{[%clk 0:34:40]} Bb5 {[%clk 0:46:28]} 20. Bh3 {[%clk 0:28:15]} Kf7
{[%clk 0:43:55]} 21. Nxd4 {[%clk 0:26:54]} Nxd4 {[%clk 0:43:26]} 22. Bxd4
{[%clk 0:26:07]} Rxd4 {[%clk 0:42:53]} 23. Bg2 {[%clk 0:25:24]} Rbd8
{[%clk 0:41:04]} 24. Rc3 {[%clk 0:22:50]} c4 {[%clk 0:34:45]} 25. dxc4
{[%clk 0:15:33]} Bxc4 {[%clk 0:35:11]} 26. Kg1 {[%clk 0:12:52]} Bb4
{[%clk 0:34:15]} 27. e3 {[%clk 0:11:23]} Bxc3 {[%clk 0:33:54]} 28. Nxc3
{[%clk 0:11:34]} Rd2 {[%clk 0:33:25]} 29. Rc1 {[%clk 0:10:14]} Be6
{[%clk 0:30:24]} 30. b3 Rc8 31. Ra1 Ra8 32. Nb1 0-1